<?xml version="1.0" encoding="UTF-8"?>
<record
    xmlns:xsi="http://www.w3.org/2001/XMLSchema-instance"
    xsi:schemaLocation="http://www.loc.gov/MARC21/slim http://www.loc.gov/standards/marcxml/schema/MARC21slim.xsd"
    xmlns="http://www.loc.gov/MARC21/slim">

  <leader>01284nam a22002777a 4500</leader>
  <controlfield tag="001">2278</controlfield>
  <controlfield tag="003">FISKH</controlfield>
  <controlfield tag="005">20231114145550.0</controlfield>
  <controlfield tag="008">231114b        cb ||||| |||| 00| 0 eng d</controlfield>
  <datafield tag="020" ind1=" " ind2=" ">
    <subfield code="a">0241105269</subfield>
  </datafield>
  <datafield tag="020" ind1=" " ind2=" ">
    <subfield code="a">9780241105269</subfield>
  </datafield>
  <datafield tag="040" ind1=" " ind2=" ">
    <subfield code="a">FISKH </subfield>
    <subfield code="b">eng</subfield>
    <subfield code="c">FISKH </subfield>
    <subfield code="d">FISKH </subfield>
  </datafield>
  <datafield tag="050" ind1=" " ind2=" ">
    <subfield code="a">PZ7.R8854</subfield>
  </datafield>
  <datafield tag="082" ind1=" " ind2=" ">
    <subfield code="a">823.9I</subfield>
  </datafield>
  <datafield tag="100" ind1=" " ind2=" ">
    <subfield code="a">Ruffell, Ann </subfield>
  </datafield>
  <datafield tag="245" ind1=" " ind2=" ">
    <subfield code="a">The horse tree /</subfield>
    <subfield code="c">by Ann Ruffell ; illustrated by Sally Holmes </subfield>
  </datafield>
  <datafield tag="260" ind1=" " ind2=" ">
    <subfield code="a">London : </subfield>
    <subfield code="b">Hamish Hamilton, </subfield>
    <subfield code="c">1980. </subfield>
  </datafield>
  <datafield tag="300" ind1=" " ind2=" ">
    <subfield code="a">94 pages : </subfield>
    <subfield code="b">illustrations ; </subfield>
    <subfield code="c">19 cm </subfield>
  </datafield>
  <datafield tag="505" ind1=" " ind2=" ">
    <subfield code="a">P
</subfield>
  </datafield>
  <datafield tag="520" ind1=" " ind2=" ">
    <subfield code="a">Every day on their way home from school Jennifer and her bossy friend Mary play on the horse tree, an old apple tree in the ground of a long - ruined mansion. When a new housing estate is build in the grounds Jennifer and Mary wonder what will happen to their tree, and whether they will still be allowed to play on it. The tree survives the new building but Mary and Jennifer stop being friends. Jennifer, playing in the horse tree by herself, finds a special hiding place in it and through that - a new friend. </subfield>
  </datafield>
  <datafield tag="521" ind1="8" ind2=" ">
    <subfield code="a">640
</subfield>
    <subfield code="b">Lexile estimate 
</subfield>
  </datafield>
  <datafield tag="521" ind1="8" ind2=" ">
    <subfield code="a">P
</subfield>
    <subfield code="b">Raz-Plus
</subfield>
  </datafield>
  <datafield tag="650" ind1=" " ind2=" ">
    <subfield code="2">Tree </subfield>
    <subfield code="a">Horse</subfield>
    <subfield code="v">Juvenile literature </subfield>
  </datafield>
  <datafield tag="700" ind1=" " ind2=" ">
    <subfield code="a">Holmes, Sally </subfield>
    <subfield code="e">illustrator </subfield>
  </datafield>
  <datafield tag="942" ind1=" " ind2=" ">
    <subfield code="2">ddc</subfield>
    <subfield code="c">BK</subfield>
    <subfield code="n">0</subfield>
  </datafield>
  <datafield tag="999" ind1=" " ind2=" ">
    <subfield code="c">2278</subfield>
    <subfield code="d">2278</subfield>
  </datafield>
  <datafield tag="952" ind1=" " ind2=" ">
    <subfield code="0">0</subfield>
    <subfield code="1">0</subfield>
    <subfield code="2">ddc</subfield>
    <subfield code="4">0</subfield>
    <subfield code="7">0</subfield>
    <subfield code="8">JUVF</subfield>
    <subfield code="a">001</subfield>
    <subfield code="b">001</subfield>
    <subfield code="c">TK Yellow</subfield>
    <subfield code="d">2023-11-14</subfield>
    <subfield code="l">1</subfield>
    <subfield code="o">RUF 823.9 PZ7.R8854</subfield>
    <subfield code="p">FISTKG2B023</subfield>
    <subfield code="r">2025-12-19 08:20:22</subfield>
    <subfield code="s">2025-08-29</subfield>
    <subfield code="w">2023-11-14</subfield>
    <subfield code="y">BK</subfield>
  </datafield>
</record>
